00642cam a22002171 4500001001300000003000400013005001700017008004100034010001700075035002000092040001900112042001200131050001900143060002300162100005700185245009400242250001600336260003300352300002200385999001700407med47000390 DLC20260227111559.0811121s1946 xx a 000 0 eng  amed47000390  a(OCoLC)14751565 aDLCcDNLMdDLC apremarc00aRF46b.L4 19460 aWV 100bL473d 19461 aLederer, Francis L.q(Francis Loeffler),d1898-1973.10aDiseases of the ear, nose and throat;bprinciples and practice of otorhinolaryngology ... a5th ed. ... aPhiladelphia,bDavis,c1946. axii, 934 p.bill. c38054d38054